| 000 | 00623nam a2200181 a 4500 | ||
|---|---|---|---|
| 001 | 000029610 | ||
| 005 | 20251120073733.0 | ||
| 008 | 110419s2005 dr a 000 0 spa d | ||
| 040 |
_aDO-SdBNP _bspa _cBNPHU |
||
| 100 | 1 |
_aGarcía Romero, Gladys Graciela _917396 |
|
| 245 | 1 | 0 |
_aAprendo a convivir : _borientaciones pedagógicas / _cGladys Graciela García Romero. |
| 250 | _a4a ed. | ||
| 260 |
_aSanto Domingo : _bPUCAMM, _c2005 _fEditroa Búho |
||
| 300 |
_a22 p. : _bil. ; _c28 cm. |
||
| 710 | 2 |
_aConsorcio de Educación Cívica _956430 |
|
| 710 | 2 |
_aPontificia Universidad Católica Madre y Maestra _9843 |
|
| 049 | _aBNPD | ||
| 999 |
_c29102 _d29102 |
||